00264nam a2200073Ia 4500008004100000050002200041245008600063260004100149151021s9999 xx 000 0 und d aHC 865 .K47 2013  a_ Kakamega County Development Profile/ Kenya Ministry of Devolution and Planning  aNairobi : Government Printers, 2013